| 000 | 01097nam0a2200301 4500 | ||
|---|---|---|---|
| 001 | RU\NLR\bibl\857644 | ||
| 005 | 20260405115639.0 | ||
| 010 |
_a585811286-2 _911000 |
||
| 021 |
_aRU _b2005-56891 _92781 |
||
| 035 | _a(NLR Aleph) 000846354 | ||
| 090 |
_a1452239 _c1452239 |
||
| 100 | _a20051020d2005 |||y0rusy50 ca | ||
| 101 | 0 | _arus | |
| 102 | _aRU | ||
| 105 | _aa ||||||||| | ||
| 200 | 1 |
_aАзбука и счет _e[для младшего и школьного возраста _fстихи К. Северинца] |
|
| 210 |
_a[Б.м. _cб.и. _d2005] _eСмоленск _gСмол. обл. тип. |
||
| 215 |
_a[47] с. _cцв. ил. _d21 |
||
| 225 | 1 | _aЗавтра в школу | |
| 300 | _aАвт. указан перед вып. дан. | ||
| 606 | 1 |
_aРусский язык _jБуквари _91533567 _3RU\NLR\AUTH\66969347 |
|
| 686 | _aШ141.12-921б | ||
| 700 | 1 |
_4070 _8rus _7ca _aСеверинец _bК. _f1952- _gКонстантин _3RU\NLR\auth\7745993 _928928 |
|
| 801 | 0 |
_aRU _bNLR _c20051020 _grcr |
|
| 801 | 1 |
_aRU _bNLR _c20051020 |
|
| 942 | _cBOOK | ||
| 980 | _aNB | ||